[Event "April 1800+"]
[Site "SchemingMind.com"]
[Date "2015.04.02"]
[Round "-"]
[White "Stephen Woodhouse"]
[Black "frankly"]
[Result "0-1"]
[WhiteCountry "ENG"]
[BlackCountry "ENG"]
[WhiteElo "1873"]
[WhiteRD "50"]
[BlackElo "2421"]
[BlackRD "63"]
[GameID "377774"]

1. e4 c5 2. c3 e6 3. d4 d5 4. e5 Nc6 5. Nf3 Qb6 6. a3 c4 7. Nbd2 Na5 8. Be2 Nh6 9. O-O Bd7 10. h3 Rc8
11. Nh2 Be7 12. Kh1 O-O 13. g4 f6 14. f4 fxe5 15. fxe5 Nf7 16. Ndf3 Nh8 17. Qc2 Nb3 18. Rb1 Be8 19. Nd2 Rxf1+ 20. Nhxf1 Bg6
0-1

[Event "April 1800+"]
[Site "SchemingMind.com"]
[Date "2015.04.02"]
[Round "-"]
[White "frankly"]
[Black "Stephen Woodhouse"]
[Result "1-0"]
[WhiteCountry "ENG"]
[BlackCountry "ENG"]
[WhiteElo "2421"]
[WhiteRD "63"]
[BlackElo "1873"]
[BlackRD "50"]
[GameID "377775"]

1. d4 e6 2. e4 d5 3. Nc3 Nf6 4. Bg5 dxe4 5. Nxe4 Be7 6. Bxf6 Bxf6 7. Nf3 O-O 8. Bc4 Nc6 9. c3 e5 10. d5 Nb8
11. O-O Bg4 12. h3 Bh5 13. Ng3 Bg6 14. Bd3 Nd7 15. Re1 Re8 16. Bxg6 hxg6 17. Qb3 Nc5 18. Qc4 b6 19. a4 a5 20. Ne4 Nxe4
21. Rxe4 Qd6 22. Qb5 Rad8 23. c4 Qd7 24. Rae1 Qd6 25. Nd4 Kf8 26. f4 Qd7 27. fxe5 Be7 28. Kh1 Bc5 29. Qxd7 Rxd7 30. e6 Rde7
31. Nc6
1-0

[Event "April 1800+"]
[Site "SchemingMind.com"]
[Date "2015.04.30"]
[Round "-"]
[White "Greg Magne"]
[Black "Stephen Woodhouse"]
[Result "1-0"]
[WhiteCountry "CAN"]
[BlackCountry "ENG"]
[WhiteElo "1843"]
[WhiteRD "69"]
[BlackElo "1879"]
[BlackRD "50"]
[GameID "379193"]

1. e4 e6 2. d4 d5 3. e5 c5 4. c3 Nc6 5. Nf3 Bd7 6. Be2 Nge7 7. Bg5 Qb6 8. b3 Nf5 9. O-O cxd4 10. cxd4 Nfxd4
11. Nbd2 Nxe2+ 12. Qxe2 Nd4 13. Nxd4 Qxd4 14. Nf3 Qb6 15. Rac1 Bb5 16. Qc2 Bxf1 17. Kxf1 Be7 18. Bxe7 Kxe7 19. Kg1 Kd7 20. h3 Rac8
21. Qd2 Rxc1+ 22. Qxc1 h6 23. Qf4 Ke7 24. Qh4+ f6 25. exf6+ gxf6 26. Ne5 Rc8 27. Ng6+ Kd6 28. Qxf6 Rc1+ 29. Kh2 Qc7 30. g3 Rc2
31. Kg2 Rxa2 32. Nf4 Kc5 33. Nxe6+
1-0

[Event "April 1800+"]
[Site "SchemingMind.com"]
[Date "2015.04.29"]
[Round "-"]
[White "Stephen Woodhouse"]
[Black "Greg Magne"]
[Result "1-0"]
[WhiteCountry "ENG"]
[BlackCountry "CAN"]
[WhiteElo "1879"]
[WhiteRD "50"]
[BlackElo "1843"]
[BlackRD "69"]
[GameID "379194"]

1. e4 e5 2. Nf3 Nc6 3. d4 exd4 4. Nxd4 Nf6 5. Nc3 Bb4 6. Nxc6 bxc6 7. Bd3 d6 8. O-O h6 9. Bf4 O-O 10. Qf3 Bb7
11. e5 Nd5 12. Qe4 f5 13. exf6 Bxc3 14. Qh7+ Kf7 15. Qg6+ Ke6 16. Bf5#
1-0

[Event "April 1800+"]
[Site "SchemingMind.com"]
[Date "2015.04.30"]
[Round "-"]
[White "Greg Magne"]
[Black "frankly"]
[Result "0-1"]
[WhiteCountry "CAN"]
[BlackCountry "ENG"]
[WhiteElo "1843"]
[WhiteRD "69"]
[BlackElo "2441"]
[BlackRD "62"]
[GameID "379195"]

1. e4 c5 2. Nf3 Nc6 3. d4 cxd4 4. Nxd4 e5 5. Nb5 d6 6. c4 Nf6 7. N1c3 a6 8. Na3 Be7 9. Nc2 Be6 10. Be3 Ng4
11. Bd2 Qb6 12. Qf3 Nd4 13. Nxd4 exd4 14. Nd5 Qxb2 15. Rd1 Bd8 16. Bd3 Ne5 17. Qg3 Bh4 18. Qxh4 Nxd3+ 19. Ke2 Bxd5 20. cxd5 Qb5
21. Rb1 Nc1+
0-1

[Event "April 1800+"]
[Site "SchemingMind.com"]
[Date "2015.04.29"]
[Round "-"]
[White "frankly"]
[Black "Greg Magne"]
[Result "1-0"]
[WhiteCountry "ENG"]
[BlackCountry "CAN"]
[WhiteElo "2441"]
[WhiteRD "62"]
[BlackElo "1843"]
[BlackRD "69"]
[GameID "379196"]

1. d4 d5 2. Nf3 Nf6 3. c4 c6 4. e3 Bf5 5. Nc3 e6 6. Nh4 Bg4 7. Qb3 Qc7 8. f3 Bh5 9. g4 Bg6 10. e4 dxe4
11. g5 exf3 12. gxf6 f2+ 13. Kxf2 Nd7 14. fxg7 Bxg7 15. Be3 e5 16. d5 f5 17. Kg2 f4 18. Nxg6 hxg6 19. Bf2 Nf6 20. Re1 Rh5
21. h4 g5 22. d6 Qd7 23. Rxe5+ Kf8 24. Ne4 Nxe4 25. Rxe4 Qxd6 26. Be2 Qg6 27. Qxb7 gxh4+ 28. Kh2
1-0

[Event "April 1800+"]
[Site "SchemingMind.com"]
[Date "2015.05.03"]
[Round "-"]
[White "Greg Magne"]
[Black "Karsten Kjeldsen"]
[Result "1/2-1/2"]
[WhiteCountry "CAN"]
[BlackCountry "DEN"]
[WhiteElo "1840"]
[WhiteRD "70"]
[BlackElo "2286"]
[BlackRD "80"]
[GameID "379396"]

1. d4 Nf6 2. c4 e6 3. Nc3 b6 4. e4 Nxe4 5. Nxe4 d5 6. Nc3 Bd6 7. Nf3 O-O 8. Be2 dxc4 9. Bxc4 Ba6 10. Bxa6 Nxa6
11. O-O Nb4 12. Bg5 f6 13. Bh4 c6 14. Qb3 Re8 15. Rae1 Nd5 16. Ne4 Bc7 17. Ne5 Qc8 18. Nc4 Qd7 19. Ne3 f5 20. Nxd5 exd5
21. Nd2 Rxe1 22. Rxe1 Re8 23. Rxe8+ Qxe8 24. Qe3 Kf7 25. Qxe8+ Kxe8 26. f3 h6 27. Nb3 Kd7 28. Nc1 c5 29. Ne2 g5= 30. Bf2 c4
31. h4 Bd8 32. Be3 b5 33. Kf2 b4 34. Ke1 Be7 35. Kd2=
1/2-1/2

[Event "April 1800+"]
[Site "SchemingMind.com"]
[Date "2015.05.03"]
[Round "-"]
[White "Karsten Kjeldsen"]
[Black "Greg Magne"]
[Result "1-0"]
[WhiteCountry "DEN"]
[BlackCountry "CAN"]
[WhiteElo "2283"]
[WhiteRD "82"]
[BlackElo "1843"]
[BlackRD "69"]
[GameID "379397"]

1. b3 e5 2. Bb2 Nc6 3. e3 Nf6 4. Bb5 d6 5. Ne2 Bg4 6. O-O a6 7. Bxc6+ bxc6 8. f3 Bd7 9. d4 exd4 10. Qxd4 Be7
11. e4 O-O 12. Nf4 Qb8 13. Nd2 Qb7 14. Rfe1 Rfe8 15. Nc4 c5 16. Qf2 Rad8 17. Qg3 Kh8 18. e5 dxe5 19. Nxe5 Rf8 20. Ng4 Nxg4
21. Rxe7 Nf6 22. Bxf6 gxf6 23. Nh5 Rg8 24. Qf4 Qc6 25. Rd1 c4 26. Rdxd7 Rxd7 27. Rxd7
1-0

[Event "April 1800+"]
[Site "SchemingMind.com"]
[Date "2015.05.03"]
[Round "-"]
[White "Karsten Kjeldsen"]
[Black "Stephen Woodhouse"]
[Result "1-0"]
[WhiteCountry "DEN"]
[BlackCountry "ENG"]
[WhiteElo "2283"]
[WhiteRD "82"]
[BlackElo "1879"]
[BlackRD "50"]
[GameID "379398"]

1. b3 e5 2. Bb2 Nc6 3. e3 f5 4. d4 exd4 5. exd4 d5 6. Nf3 Nf6 7. Bb5 Bb4+ 8. c3 Qe7+ 9. Ne5 Bd6 10. O-O Bxe5
11. dxe5 Nd7 12. c4 dxc4 13. Ba3 Qg5 14. Nc3 a6 15. Bxc4 b5 16. Bf7+ Kxf7 17. Qd5+
1-0

[Event "April 1800+"]
[Site "SchemingMind.com"]
[Date "2015.05.03"]
[Round "-"]
[White "Stephen Woodhouse"]
[Black "Karsten Kjeldsen"]
[Result "0-1"]
[WhiteCountry "ENG"]
[BlackCountry "DEN"]
[WhiteElo "1879"]
[WhiteRD "50"]
[BlackElo "2283"]
[BlackRD "82"]
[GameID "379399"]

1. e4 c5 2. c3 Nf6 3. e5 Nd5 4. d4 cxd4 5. Nf3 Nc6 6. cxd4 d6 7. Bc4 Nb6 8. Bb5 dxe5 9. Nxe5 Bd7 10. Nxd7 Qxd7
11. Nc3 e6 12. O-O a6 13. Bxc6 Qxc6 14. Re1 Be7 15. Qg4 Bf6 16. Bg5 Bxg5 17. Qxg5 O-O 18. Re3 Rac8 19. Rg3 g6 20. Qh6 Rc7
21. Rh3 f5 22. Ne2 Nd5 23. Rc1 Qa4 24. b3 Qa5 25. g3 f4 26. Rxc7 Qe1+ 27. Kg2 f3#
0-1

[Event "April 1800+"]
[Site "SchemingMind.com"]
[Date "2015.05.03"]
[Round "-"]
[White "Karsten Kjeldsen"]
[Black "frankly"]
[Result "1/2-1/2"]
[WhiteCountry "DEN"]
[BlackCountry "ENG"]
[WhiteElo "2286"]
[WhiteRD "80"]
[BlackElo "2425"]
[BlackRD "59"]
[GameID "379400"]

1. b3 e5 2. Bb2 Nc6 3. e3 Nf6 4. Bb5 Bd6 5. Ne2 a6 6. Bxc6 dxc6 7. d3 a5 8. a4 e4 9. Nd2 exd3 10. cxd3 Nd5
11. O-O O-O 12. Nc4 Re8 13. Nxd6 Qxd6 14. Ba3 Qf6 15. Qd2 b6 16. e4 Nb4 17. Bxb4 axb4 18. Qxb4 Ba6 19. Qc3 Qxc3 20. Nxc3 Bxd3
21. Rfe1 c5 22. f3 c6 23. Rec1 f5 24. exf5 Bxf5 25. a5 Rxa5 26. Rxa5 bxa5 27. Na4 Ra8 28. Nxc5 Rb8 29. Rc3 Rb4 30. Kf2 Bg6
31. Ne6=
1/2-1/2

[Event "April 1800+"]
[Site "SchemingMind.com"]
[Date "2015.05.03"]
[Round "-"]
[White "frankly"]
[Black "Karsten Kjeldsen"]
[Result "1-0"]
[WhiteCountry "ENG"]
[BlackCountry "DEN"]
[WhiteElo "2460"]
[WhiteRD "56"]
[BlackElo "2287"]
[BlackRD "84"]
[GameID "379401"]

1. d4 Nf6 2. Nf3 g6 3. c4 Bg7 4. Nc3 O-O 5. e4 d6 6. h3 e5 7. d5 a5 8. Bg5 h6 9. Be3 Na6 10. Bd3 Nh5
11. O-O Nc5 12. Bc2 Nf4 13. Re1 Re8 14. Bxc5 dxc5 15. Ba4 Bd7 16. Bxd7 Qxd7 17. Qa4 Qxa4 18. Nxa4 Bf8 19. Re3 Kg7 20. Rb3 Reb8
21. Re1 Bd6 22. Rb5 b6 23. Rb3 g5 24. Nh2 Nh5 25. Nf1 Kg6 26. Nc3 Nf6 27. Nb5 Rd8 28. Ng3 Rd7 29. h4 Rh8 30. Na7 Rdd8
31. a4 Ra8 32. Nc6 Rhf8 33. Nf5 Ne8 34. Ree3 f6 35. Rg3 Rf7 36. Rh3 h5 37. Rhg3 Rf8 38. Kf1 Rf7 39. Ke1 Rh7 40. Kd1 Rf7
41. Kd2 Rh7 42. f3 Rf7 43. Rh3 Rh7 44. Rc3 Ng7 45. Nxd6 cxd6 46. Rb3 gxh4 47. Rxb6 Ne8 48. Rxh4 Kg5 49. Rh3 Kf4 50. Rb3 Rg7
51. Rxh5 Rxg2+ 52. Ke1 Ng7 53. Rh7 f5 54. Kf1 Rg3 55. Kf2 fxe4 56. Ne7 Rxf3+ 57. Rxf3+ exf3 58. Rxg7 Ke4 59. Rf7 Kd3 60. Rxf3+ Kxc4
61. Rf6 Re8 62. Re6 Rb8 63. Rxd6
1-0

[Event "April 1800+"]
[Site "SchemingMind.com"]
[Date "2015.05.08"]
[Round "-"]
[White "Greg Magne"]
[Black "William Lindberg"]
[Result "0-1"]
[WhiteCountry "CAN"]
[BlackCountry "USA"]
[WhiteElo "1843"]
[WhiteRD "69"]
[BlackElo "2236"]
[BlackRD "67"]
[GameID "379606"]

1. e4 e5 2. Nf3 Nc6 3. Bb5 Nf6 4. O-O Be7 5. Nc3 O-O 6. d4 exd4 7. Nxd4 Re8 8. Be3 Bd6 9. f4 Nxe4 10. Bxc6 Nxc3
11. bxc3 dxc6 12. Qd2 a6 13. f5 c5 14. Ne2 Qe7 15. Rf3 Bxf5 16. Rxf5 Qxe3+ 17. Qxe3 Rxe3 18. Ng3 Rxc3 19. Ne4 Rxc2 20. Nxd6 cxd6
21. Rd1 Re8
0-1

[Event "April 1800+"]
[Site "SchemingMind.com"]
[Date "2015.05.08"]
[Round "-"]
[White "William Lindberg"]
[Black "Greg Magne"]
[Result "1-0"]
[WhiteCountry "USA"]
[BlackCountry "CAN"]
[WhiteElo "2236"]
[WhiteRD "67"]
[BlackElo "1843"]
[BlackRD "69"]
[GameID "379607"]

1. d4 d5 2. Nc3 Nf6 3. Bf4 e6 4. e3 Bd6 5. Nf3 Bxf4 6. exf4 O-O 7. Bd3 Nbd7 8. O-O c5 9. Qd2 cxd4 10. Nb5 Nc5
11. Nbxd4 Nxd3 12. cxd3 Qb6 13. Rac1 Bd7 14. Rc3 Rfc8 15. Rb3 Qa6 16. Qb4 b6 17. Ra3 Qb7 18. Ne5 Be8 19. f5 a5 20. Qe1 a4
21. fxe6 fxe6 22. Qb4 b5 23. Nxe6 Bf7 24. Nd4 Ra6 25. Rc3 Nd7 26. Qe7 Be8 27. Rxc8 Qxc8 28. Nf5 Nxe5 29. Qxg7#
1-0

[Event "April 1800+"]
[Site "SchemingMind.com"]
[Date "2015.05.10"]
[Round "-"]
[White "Karsten Kjeldsen"]
[Black "William Lindberg"]
[Result "1-0"]
[WhiteCountry "DEN"]
[BlackCountry "USA"]
[WhiteElo "2298"]
[WhiteRD "80"]
[BlackElo "2209"]
[BlackRD "65"]
[GameID "379608"]

1. b3 e5 2. Bb2 Nc6 3. e3 Nf6 4. Bb5 Bd6 5. Na3 Be7 6. Nc4 d6 7. Ne2 O-O 8. Bxc6 bxc6 9. O-O Rb8 10. d3 Be6
11. f4 Ng4 12. Qd2 Bxc4 13. dxc4 Nf6 14. Ng3 exf4 15. Nf5 Nh5 16. Nxe7+ Qxe7 17. exf4 Rbe8 18. Rae1 Qd8 19. Re3 Rxe3 20. Qxe3 Qe8
21. Qxa7 Qe4 22. Qf2 Qf5 23. a4 Nf6 24. Bxf6 Qxf6 25. Qa7 Qc3 26. Qxc7 Qxc2 27. Qxc6 Qxb3 28. a5 Qe3+ 29. Kh1 Qc5 30. Qxc5 dxc5
31. a6 Ra8 32. Rb1 Kf8 33. Rb6 Ke8 34. g4 Ra7 35. Kg2 Kd8 36. Kf3 Kc7 37. Rb7+ Rxb7 38. axb7 Kxb7 39. Ke4 Kc6 40. Ke5 h6
41. h4 Kd7 42. Kd5 g6 43. g5 h5 44. Kxc5 Ke6 45. Kb6 Kf5 46. c5 Kxf4 47. c6 Kg3 48. Kc5 Kxh4 49. c7 Kg4 50. c8=Q+ Kxg5
51. Kd4 h4 52. Qh3 Kf6 53. Kd5 Kg5 54. Qf3 Kh6 55. Ke5 Kg7 56. Qf6+ Kg8 57. Kd6 h3 58. Ke7 h2 59. Qxf7+ Kh8 60. Kf6
1-0

[Event "April 1800+"]
[Site "SchemingMind.com"]
[Date "2015.05.10"]
[Round "-"]
[White "William Lindberg"]
[Black "Karsten Kjeldsen"]
[Result "1/2-1/2"]
[WhiteCountry "USA"]
[BlackCountry "DEN"]
[WhiteElo "2209"]
[WhiteRD "65"]
[BlackElo "2298"]
[BlackRD "80"]
[GameID "379609"]

1. e4 e5 2. Nf3 Nc6 3. Bb5 a6 4. Bxc6 dxc6 5. O-O f6 6. d4 exd4 7. Nxd4 c5 8. Ne2 Qxd1 9. Rxd1 Bd7 10. Be3 O-O-O
11. Nbc3 Bd6 12. Bf4 Bxf4 13. Nxf4 Ne7 14. f3 f5 15. Rd2 Rhf8 16. Nfd5 Nc6 17. Ne3 f4 18. Ned5 b6 19. Rad1 g5 20. a3 h6
21. b4 cxb4 22. axb4 b5 23. Ne2 Be6 24. c3 Rf7 25. Ra1 Kb7 26. Nc1 Ne5 27. Nb3 Bc8 28. Rdd1 Re8 29. c4 Nxc4 30. Nc5+ Kb8
31. Nxa6+ Kb7 32. Ra2 Be6 33. Nc5+ Kb8 34. Ra6 Bxd5 35. Rxd5 Nb6 36. Rd2 Rfe7 37. Kf2 h5 38. Rda2 g4 39. Ra7 c6 40. R7a6 Kc7
41. Nd3 Rd7 42. Nxf4 Rd4 43. Ra7+ Kb8 44. Rg7 Rxb4 45. Raa7 Rb2+ 46. Kg3 gxf3 47. Rab7+ Ka8 48. gxf3 Rg8 49. e5 h4+ 50. Kh3 Rxg7
51. Rxg7 Rb3 52. Kxh4 Rxf3 53. Kg5 Re3 54. e6 b4 55. e7 Nc8 56. Rg8 Rxe7 57. Rxc8+ Kb7 58. Rd8 b3 59. h4 c5 60. Rd1 Rg7+
61. Kf5 Rf7+=
1/2-1/2

[Event "April 1800+"]
[Site "SchemingMind.com"]
[Date "2015.05.08"]
[Round "-"]
[White "Stephen Woodhouse"]
[Black "William Lindberg"]
[Result "0-1"]
[WhiteCountry "ENG"]
[BlackCountry "USA"]
[WhiteElo "1879"]
[WhiteRD "50"]
[BlackElo "2236"]
[BlackRD "67"]
[GameID "379610"]

1. e4 e5 2. Nf3 Nc6 3. d4 exd4 4. Nxd4 Bc5 5. Be3 Qf6 6. c3 a6 7. Be2 Nge7 8. O-O O-O 9. Nxc6 Qxc6 10. Bxc5 Qxc5
11. Qd4 Qxd4 12. cxd4 d5 13. Nc3 dxe4 14. Nxe4 Rd8 15. Rfd1 Be6 16. Bf3 Bd5 17. Ng5 h6 18. Bxd5 Rxd5 19. Nf3 Rad8 20. Rd2 g5
21. Rc1 c6 22. Rc5 f6 23. Kf1 R5d6 24. Ke2 Ng6 25. g4 Nf4+ 26. Kf1 Kf7 27. b4 Nd5 28. a3 h5 29. h3 hxg4 30. hxg4 Rh8
31. Kg2 Re6 32. Rc1 Nf4+ 33. Kf1 Rh3 34. Ng1 Rxa3 35. Ne2 Rxe2 36. Rxe2 Rh3
0-1

[Event "April 1800+"]
[Site "SchemingMind.com"]
[Date "2015.05.08"]
[Round "-"]
[White "William Lindberg"]
[Black "Stephen Woodhouse"]
[Result "1-0"]
[WhiteCountry "USA"]
[BlackCountry "ENG"]
[WhiteElo "2236"]
[WhiteRD "67"]
[BlackElo "1879"]
[BlackRD "50"]
[GameID "379611"]

1. c4 e6 2. Nf3 d5 3. d4 c5 4. dxc5 Bxc5 5. cxd5 exd5 6. Qc2 Be7 7. g3 Nf6 8. Bg2 O-O 9. O-O Nc6 10. Rd1 Be6
11. Nc3 Rc8 12. Bf4 Nh5 13. Nxd5 Qe8 14. Nc7 Nd8 15. Be3 Qc6 16. Qxc6 bxc6 17. Nxe6 Nxe6 18. Bxa7 Bf6 19. Nd4 g6 20. Nxc6
1-0

[Event "April 1800+"]
[Site "SchemingMind.com"]
[Date "2015.05.08"]
[Round "-"]
[White "frankly"]
[Black "William Lindberg"]
[Result "0-1"]
[WhiteCountry "ENG"]
[BlackCountry "USA"]
[WhiteElo "2425"]
[WhiteRD "59"]
[BlackElo "2250"]
[BlackRD "66"]
[GameID "379612"]

1. d4 Nf6 2. Nf3 d5 3. c4 e6 4. Nc3 Be7 5. Bf4 O-O 6. a3 Nc6 7. e3 Nh5 8. Bg3 Na5 9. c5 a6 10. Qc2 g6
11. Be5 f6 12. Bg3 Nxg3 13. hxg3 Bd7 14. g4 Qe8 15. Bd3 b6 16. b4 Nc6 17. Ke2 Rf7 18. Rh6 Bf8 19. Rh2 Rg7 20. Kf1 Nd8
21. e4 dxe4 22. Nxe4 Be7 23. Re1 a5 24. d5 Qf8 25. Bc4 axb4 26. axb4 bxc5 27. bxc5 Kh8 28. g5 exd5 29. Bxd5 c6 30. Bb3 fxg5
31. Nfxg5 Rb8 32. g3 h5 33. Qe2 Rxb3 34. Kg1 Bxg5 35. Nxg5 Qxc5 36. Ne4 Qb5 37. Qd2 Qb4 38. Rh4 Qxd2 39. Nxd2 Rd3 40. Nc4 c5
41. Ne5 Rd5 42. Rc4 Kh7
0-1

[Event "April 1800+"]
[Site "SchemingMind.com"]
[Date "2015.05.08"]
[Round "-"]
[White "William Lindberg"]
[Black "frankly"]
[Result "1/2-1/2"]
[WhiteCountry "USA"]
[BlackCountry "ENG"]
[WhiteElo "2250"]
[WhiteRD "66"]
[BlackElo "2425"]
[BlackRD "59"]
[GameID "379613"]

1. e4 c5 2. Nf3 Nc6 3. Nc3 e5 4. Bc4 Be7 5. d3 d6 6. O-O Nf6 7. Bg5 Bg4 8. h3 Be6 9. Qd2 O-O 10. Bxf6 Bxf6
11. Nd5 Rb8 12. a4 Nd4 13. Qd1 Bg5 14. c3 Nxf3+ 15. Qxf3 Kh8 16. Rad1 f5 17. Qh5 Bf7 18. Qe2 f4 19. Qf3 Bh4 20. Qg4 Be8
21. Bb5 Bc6 22. Ra1 Bxd5 23. exd5 g6 24. a5 Kg7 25. Qf3 a6 26. Bc4 Rf7 27. Rfb1 Qg5 28. b4 cxb4 29. Rxb4 Qd8 30. Qg4 Bf6
31. Ra3 Rc8 32. Qe6 b6 33. Rxb6 e4 34. Rxd6 Qf8 35. Rd7 Rxd7 36. Qxd7+ Kh6 37. Rb3 exd3 38. Bxd3 Rxc3 39. Rxc3 Bxc3 40. Qc7 Bb4
41. Bxa6 Qf6 42. Be2 Qd4 43. Bf3 Be1 44. Kh1 Bxf2 45. Qc1 Kg7 46. a6 Kf7 47. Qa3 Qe5 48. Qc1 Qd4 49. Qc7+ Kf6 50. Qd8+ Kf7
51. Qd7+ Kf8 52. Qc8+ Kg7 53. Qc7+=
1/2-1/2

[Event "April 1800+"]
[Site "SchemingMind.com"]
[Date "2015.05.12"]
[Round "-"]
[White "Greg Magne"]
[Black "John Hamer"]
[Result "0-1"]
[WhiteCountry "CAN"]
[BlackCountry "ENG"]
[WhiteElo "1840"]
[WhiteRD "70"]
[BlackElo "2050"]
[BlackRD "62"]
[GameID "379704"]

1. e4 e5 2. Nf3 Nf6 3. Nxe5 d6 4. Nf3 Nxe4 5. d4 d5 6. Bd3 Be7 7. O-O O-O 8. c4 Nf6 9. Nc3 Be6 10. cxd5 Nxd5
11. Re1 Nc6 12. Be3 Ncb4 13. Bb1 c6 14. a3 Na6 15. Ne5 Nac7 16. Bd3 Re8 17. Qf3 Nxe3 18. fxe3 Bf6 19. Rad1 Bb3 20. Rd2 Bxe5
21. dxe5 Qe7 22. Rf2 Qxe5 23. Qh3 h6 24. Rf3 Rad8 25. Bb1 Be6 26. Qh4 Nd5 27. Nxd5 Bxd5 28. Rg3 Kh8 29. Qg4 Qxb2 30. Qf5 g6
31. Qf4 g5 32. Qf5 Qg7 33. h4 Be6 34. Qc5 Rd5 35. Qxa7 Qc3 36. Rf1 gxh4 37. Rgf3 Rg8 38. Qxb7 Rd2 39. R1f2 Rxf2 40. Rxf2 Qe1+
41. Rf1 Qxe3+ 42. Kh1 Rxg2
0-1

[Event "April 1800+"]
[Site "SchemingMind.com"]
[Date "2015.05.11"]
[Round "-"]
[White "John Hamer"]
[Black "Greg Magne"]
[Result "1-0"]
[WhiteCountry "ENG"]
[BlackCountry "CAN"]
[WhiteElo "2050"]
[WhiteRD "62"]
[BlackElo "1840"]
[BlackRD "70"]
[GameID "379705"]

1. e4 c5 2. Nf3 d6 3. d4 cxd4 4. Nxd4 Nf6 5. Nc3 a6 6. Bc4 e6 7. O-O Bd7 8. Bb3 Nc6 9. Be3 Be7 10. f4 O-O
11. Qf3 Qa5 12. f5 Rac8 13. fxe6 fxe6 14. Nxe6 Kh8 15. Nxf8 Rxf8 16. Qg3 Ne5 17. Rad1 Qb4 18. Bd4 Ng6 19. a3 Qa5 20. Nd5 Nxd5
21. Bxd5 Bc6 22. b4 Qd8 23. Bxc6 bxc6 24. Qc3
1-0

[Event "April 1800+"]
[Site "SchemingMind.com"]
[Date "2015.05.11"]
[Round "-"]
[White "John Hamer"]
[Black "Karsten Kjeldsen"]
[Result "1/2-1/2"]
[WhiteCountry "ENG"]
[BlackCountry "DEN"]
[WhiteElo "2054"]
[WhiteRD "66"]
[BlackElo "2283"]
[BlackRD "82"]
[GameID "379706"]

1. d4 Nf6 2. c4 e6 3. Nf3 d5 4. e3 Be7 5. Nc3 O-O 6. Bd3 dxc4 7. Bxc4 a6 8. O-O b5 9. Bd3 Bb7 10. a3 c5
11. dxc5 Bxc5 12. b4 Be7 13. Bb2 Nbd7 14. Qe2 Bxf3 15. gxf3=
1/2-1/2

[Event "April 1800+"]
[Site "SchemingMind.com"]
[Date "2015.05.12"]
[Round "-"]
[White "Karsten Kjeldsen"]
[Black "John Hamer"]
[Result "1-0"]
[WhiteCountry "DEN"]
[BlackCountry "ENG"]
[WhiteElo "2286"]
[WhiteRD "80"]
[BlackElo "2050"]
[BlackRD "62"]
[GameID "379707"]

1. e4 c6 2. d4 d5 3. Nc3 dxe4 4. Nxe4 Nd7 5. Nf3 e6 6. Bd3 Ngf6 7. Nxf6+ Nxf6 8. O-O Be7 9. c4 O-O 10. Bf4 b6
11. Qe2 Bb7 12. Rad1 Qc8 13. a3 Rd8 14. Rfe1 a5 15. Ne5 c5 16. d5 exd5 17. Nxf7 Re8 18. cxd5 Bxd5 19. Bb5 Kxf7 20. Bxe8+ Qxe8
21. Bg5 Bc6 22. Bxf6 gxf6 23. Qe6+ Kf8 24. Rd3 Bd8 25. Qd6+ Be7 26. Qf4 Qg6 27. Rg3 Qh5 28. Rge3 Qg5 29. Qxg5
1-0

[Event "April 1800+"]
[Site "SchemingMind.com"]
[Date "2015.05.11"]
[Round "-"]
[White "John Hamer"]
[Black "Stephen Woodhouse"]
[Result "1-0"]
[WhiteCountry "ENG"]
[BlackCountry "ENG"]
[WhiteElo "2054"]
[WhiteRD "66"]
[BlackElo "1879"]
[BlackRD "50"]
[GameID "379708"]

1. d4 e6 2. Nf3 d5 3. e3 c5 4. dxc5 Bxc5 5. a3 Nf6 6. c4 O-O 7. Nc3 dxc4 8. Qc2 Qe7 9. Bxc4 Nc6 10. O-O Bd7
11. b4 Bd6 12. Nb5 Ne5 13. Nxd6 Nxf3+ 14. gxf3 Qxd6 15. Rd1 Qc7 16. Bb2 Rac8 17. Rac1 Bb5 18. Rd4 Rfd8 19. Bxb5 Rxd4 20. Qxc7
1-0

[Event "April 1800+"]
[Site "SchemingMind.com"]
[Date "2015.05.11"]
[Round "-"]
[White "Stephen Woodhouse"]
[Black "John Hamer"]
[Result "0-1"]
[WhiteCountry "ENG"]
[BlackCountry "ENG"]
[WhiteElo "1834"]
[WhiteRD "49"]
[BlackElo "2050"]
[BlackRD "62"]
[GameID "379709"]

1. e4 c6 2. d4 d5 3. exd5 cxd5 4. c4 Nf6 5. Nc3 e6 6. Nf3 Be7 7. cxd5 exd5 8. Bd3 O-O 9. h3 Nc6 10. O-O Be6
11. Re1 Qc8 12. Bf4 Bf5 13. Bb5 Re8 14. Qa4 Bd7 15. Rac1 a6 16. Bxc6 Bxc6 17. Qc2 Ne4 18. Ne5 Qf5 19. Bh2 Bf6 20. f3 Nd6
21. Qxf5 Nxf5 22. Rcd1= Bh4 23. Re2 Bb5 24. Nxb5 axb5 25. Kf1 Bg3 26. Bg1 Rxa2 27. Rc2 h5 28. Bf2 f6 29. Bxg3 Ne3+ 30. Kg1 Nxc2
31. Nd3 Nxd4
0-1

[Event "April 1800+"]
[Site "SchemingMind.com"]
[Date "2015.05.11"]
[Round "-"]
[White "John Hamer"]
[Black "frankly"]
[Result "0-1"]
[WhiteCountry "ENG"]
[BlackCountry "ENG"]
[WhiteElo "2054"]
[WhiteRD "66"]
[BlackElo "2441"]
[BlackRD "62"]
[GameID "379710"]

1. d4 Nf6 2. c4 g6 3. Nc3 d5 4. f3 c5 5. dxc5 d4 6. Nb5 e5 7. Bg5 Be7 8. e3 h6 9. Bxf6 Bxf6 10. Nd6+ Kf8
11. exd4 exd4 12. Qd2 Kg7 13. O-O-O b6 14. Bd3 bxc5 15. Nxf7 Qc7 16. Bxg6 Be6 17. Qd3 Bxf7
0-1

[Event "April 1800+"]
[Site "SchemingMind.com"]
[Date "2015.05.11"]
[Round "-"]
[White "frankly"]
[Black "John Hamer"]
[Result "1-0"]
[WhiteCountry "ENG"]
[BlackCountry "ENG"]
[WhiteElo "2441"]
[WhiteRD "62"]
[BlackElo "2054"]
[BlackRD "66"]
[GameID "379711"]

1. d4 Nf6 2. Nf3 e6 3. c4 d5 4. Nc3 Be7 5. Bf4 O-O 6. e3 Nbd7 7. Qc2 c5 8. Rd1 cxd4 9. Rxd4 Qa5 10. Bg3 Nb6
11. Nd2 dxc4 12. Bxc4 Nfd5 13. O-O Nxc3 14. bxc3 Bf6 15. Nb3 Qa4 16. Bd3 Bxd4 17. Bxh7+ Kh8 18. exd4 g6 19. Bxg6 fxg6= 20. Qxg6 Nc4
21. Re1 Qxa2 22. Qh6+ Kg8 23. Nc5 Rf5 24. Qg6+ Kh8= 25. Ne4 Bd7 26. Nf6
1-0

[Event "April 1800+"]
[Site "SchemingMind.com"]
[Date "2015.05.11"]
[Round "-"]
[White "John Hamer"]
[Black "William Lindberg"]
[Result "0-1"]
[WhiteCountry "ENG"]
[BlackCountry "USA"]
[WhiteElo "2050"]
[WhiteRD "62"]
[BlackElo "2250"]
[BlackRD "66"]
[GameID "379712"]

1. e4 e5 2. Nf3 Nc6 3. Bc4 Nf6 4. Ng5 d5 5. exd5 Na5 6. Bb5+ c6 7. dxc6 bxc6 8. Qf3 Be7 9. Bd3 O-O 10. O-O g6
11. Nc3 Nd5 12. Nh3 Nb4 13. Re1 f6 14. Re3 Bc5 15. a3 Nxd3 16. Rxd3 Bd4 17. b4 Nc4 18. Qxc6 Nb6 19. Rg3 Bf5 20. Bb2 Rc8
21. Qf3 Kh8 22. Qd1= Nc4 23. Qc1 g5 24. Kf1 Bb6 25. Ra2 g4 26. Ng1 Qd4 27. Re3 Nxd2+ 28. Ke1 Rfd8 29. Nge2 Qd7 30. Rg3 Bg6
0-1

[Event "April 1800+"]
[Site "SchemingMind.com"]
[Date "2015.05.11"]
[Round "-"]
[White "William Lindberg"]
[Black "John Hamer"]
[Result "1-0"]
[WhiteCountry "USA"]
[BlackCountry "ENG"]
[WhiteElo "2250"]
[WhiteRD "66"]
[BlackElo "2050"]
[BlackRD "62"]
[GameID "379713"]

1. c4 Nf6 2. Nf3 Nc6 3. d4 d5 4. cxd5 Nxd5 5. e4 Nf6 6. d5 Nb8 7. Nc3 e6 8. Bg5 Be7 9. dxe6 Bxe6 10. Qxd8+ Bxd8
11. Nd4 Bd7 12. e5 Ng4= 13. Bxd8 Kxd8 14. f4 Ne3 15. Kf2 Nxf1 16. Rhxf1 Nc6 17. Rfd1 Kc8 18. Rac1 Bg4 19. Nf3 Rd8 20. h3 Bd7
21. g4 a5 22. b3 h6 23. Rd2 Be6 24. Rxd8+ Kxd8 25. f5 Bd7 26. Rd1 Kc8 27. Nd5 Ra6 28. a3 Kb8= 29. Kg3 Bc8 30. a4 h5
31. Kf4 hxg4 32. hxg4 Nd8 33. Nd4 c6 34. Ne7 c5 35. Nb5 Nc6 36. Nxc8 Kxc8 37. Rh1 Nd4 38. Nd6+ Kc7 39. Rh7
1-0